|
|
|
|
| LEADER |
00000cam a2200000 a 4500 |
| 001 |
UCL2832 |
| 003 |
CL-VaPUC |
| 005 |
20211118122042.0 |
| 008 |
031107e19670000SP |||||||||||||||||spa|d |
| 999 |
|
|
|c 306010
|d 306008
|
| 040 |
|
|
|c Pontificia Universidad Católica de Valparaíso
|
| 082 |
0 |
4 |
|a 101
|b BLO
|2 21
|
| 100 |
0 |
|
|a Blondel, Maurice
|e author
|9 335836
|
| 245 |
1 |
3 |
|a El punto de partida de la investigación filosófica
|
| 260 |
|
|
|a Barcelona
|b Herder
|c 1967
|
| 300 |
|
|
|a 89 p
|
| 583 |
|
|
|a last modification
|c 20140821 01:22:06
|k Rodrigo Vera
|
| 650 |
|
0 |
|a Filosofía
|9 223554
|
| 650 |
|
0 |
|a Teoría del conocimiento
|9 255038
|
| 700 |
1 |
|
|a Hourton, Jorge
|e traductor
|9 864707
|
| 942 |
|
|
|c BK
|2 ddc
|
| 945 |
|
|
|d 20031107 00:00:00
|a cmena
|
| 952 |
|
|
|0 0
|1 0
|4 0
|6 101_000000000000000_BLO_1967
|7 0
|8 A
|9 370647
|a BIBDER
|b BIBDER
|d 2019-11-21
|i 3919390
|o 101 BLO 1967
|p 3919390
|r 2023-01-25
|w 2019-11-21
|y BK
|k DER
|
| 952 |
|
|
|0 0
|1 0
|3 erb
|4 0
|6 101_000000000000000_BLO_1967
|7 0
|8 A
|9 370648
|a BIBEDU
|b BIBEDU
|i 5002753
|o 101 BLO 1967
|p 5002753
|r 2019-11-21
|w 2019-11-21
|y BK
|z Catalogado en:20140821
|k FIL
|